Good schools of India : A guide to the best residential schools

This exclusive guide is for parents, teachers and students alike. In addition, it is a good resource for the schools too. Packed with valuable information and supported by educationists and the school community, it presents to the World, the top residential schools of India

Kaydedildi:
Detaylı Bibliyografya
Yazar: Dutt, Sandeep.
Materyal Türü: Kitap
Dil:Undetermined
Baskı/Yayın Bilgisi: Dehra Dun English Book Depot 1999
Konular:
Etiketler: Etiketle
Etiket eklenmemiş, İlk siz ekleyin!
Thư viện lưu trữ: Trung tâm Học liệu Trường Đại học Cần Thơ
LEADER 01006nam a2200241Ia 4500
001 CTU_217029
008 210402s9999 xx 000 0 und d
020 |c 45.06 
082 |a 373.222 
082 |b D979 
100 |a Dutt, Sandeep. 
245 0 |a Good schools of India : 
245 2 |b A guide to the best residential schools 
245 0 |c Sandeep Dutt 
260 |a Dehra Dun 
260 |b English Book Depot 
260 |c 1999 
520 |a This exclusive guide is for parents, teachers and students alike. In addition, it is a good resource for the schools too. Packed with valuable information and supported by educationists and the school community, it presents to the World, the top residential schools of India 
650 |a Boarding schools,Trường nội trú 
650 |x Handbooks, manuals, etc.,Sổ tay, sách hướng dẫn, vv 
650 |z India,Ấn Độ 
904 |i Qhieu -Trần Bé Ngọc 
980 |a Trung tâm Học liệu Trường Đại học Cần Thơ